000 00947nam a2200253Ia 4500
003 GCL
008 140319s9999 xx 000 0 ara d
020 _a5025215977
040 _aGCL /
_cGCL
082 0 4 _a320.903
_bن م
100 1 _aنبيلة داود
245 1 0 _aالموسوعة السياسية المعاصرة :
_bمدارس سياسية. مصطلحات. منظمات وهيئات. قضايا القرن العشرين /
_cنبيلة داود
250 _aالاولى
260 _aالقاهرة :
_bمكتبة غريب ،
_c1991
300 _a135 ص ؛
_c24 سم
650 0 4 _aالاحزاب السياسية
650 0 4 _aالمذاهب السياسية
650 0 4 _aالمنظمات السياسية
650 0 4 _aالسياسة - تاريخ
650 0 4 _aالمدارس السياسية
650 0 4 _aالمصطلحات السياسية
650 0 4 _aالسياسة - دوائر المعارف
942 _2ddc
_cBK
999 _c4876
_d4876